Big data simplified (Record no. 4452)

MARC details
000 -LEADER
fixed length control field 00539nam a22002057a 4500
003 - CONTROL NUMBER IDENTIFIER
control field OSt
005 - DATE AND TIME OF LATEST TRANSACTION
control field 20220107122755.0
008 - FIXED-LENGTH DATA ELEMENTS--GENERAL INFORMATION
fixed length control field 140425b xxu||||| |||| 00| 0 eng d
020 ## - INTERNATIONAL STANDARD BOOK NUMBER
International Standard Book Number 9781496145802
040 ## - CATALOGING SOURCE
Transcribing agency IIITM-K
082 ## - DEWEY DECIMAL CLASSIFICATION NUMBER
Classification number 006.312 ROG/B
100 ## - MAIN ENTRY--PERSONAL NAME
Personal name Roghani, Ali
9 (RLIN) 4478
245 ## - TITLE STATEMENT
Title Big data simplified
Statement of responsibility, etc. by Ali Roghani
260 ## - PUBLICATION, DISTRIBUTION, ETC.
Place of publication, distribution, etc. U.S.A,
Name of publisher, distributor, etc. IT Researchers Ltd. ,
Date of publication, distribution, etc. 2014.
300 ## - PHYSICAL DESCRIPTION
Extent xi, 149p.
650 ## - SUBJECT ADDED ENTRY--TOPICAL TERM
Topical term or geographic name entry element COMPUTER SCIENCE
9 (RLIN) 4479
650 ## - SUBJECT ADDED ENTRY--TOPICAL TERM
Topical term or geographic name entry element CLOUD COMPUTING
9 (RLIN) 4480
650 ## - SUBJECT ADDED ENTRY--TOPICAL TERM
Topical term or geographic name entry element CLOUD SECURITY
9 (RLIN) 4481
942 ## - ADDED ENTRY ELEMENTS (KOHA)
Source of classification or shelving scheme Dewey Decimal Classification
Koha item type Books
Holdings
Withdrawn status Lost status Source of classification or shelving scheme Damaged status Not for loan Collection code Home library Current library Shelving location Date acquired Cost, normal purchase price Total Checkouts Full call number Barcode Date last seen Date last checked out Price effective from Koha item type
    Dewey Decimal Classification     Data Analytics/ Big Data/ Data Mining Kerala University of Digital Sciences, Innovation and Technology Knowledge Centre Kerala University of Digital Sciences, Innovation and Technology Knowledge Centre Computer Science 27/08/2014 891.00 5 006.312 ROG/B 4018 10/11/2022 04/11/2022 27/08/2014 Books